000
00213 a2200097 4500
001
41670
100
_a
Hammond C.W
245
_a
Elements of human geography
260
_a
_b
Allen unwin
_c
090
_c
25805
_d
25805
942
_a
NUST-CAE
_c
M
_c
17564
999
_c
276743
_d
276743